000 00529nam a2200181Ia 4500
005 20250508161756.0
008 008 250505s9999 xx 000 0 eng d
037 _aTextual
040 _aFEDL
_beng
_cFEDL
041 _aeng
_2eng
084 _a808.1, WHI
_qFEDL
100 _aWhitlock Pamela Co.
_9771527
245 0 _aAll day long: An anthology of poetry for children
260 _aLondon, UK
_bOxford Univeristy Press
_c1954
300 _axxii,321p
942 _cTEXL
_h808.1, WHI
999 _c1372114
_d1372114